000 01015nam a2200289Ia 4500
003 OSt
005 20260107145504.0
008 220909b |||||||| |||| 00| 0 eng d
020 _a8130900335 (v1v 8) (hbd)
037 _cReference Collections
040 _aCSL
_beng
_cCSL
041 _aeng
084 _aH4:(Y:435) P6.7 RR
_qCSL
100 _aAllaby, Michael
_9862660
245 0 _aEncyclopedia of Natural Calamaties
260 _aNew Delhi:
_b Viva Books Private Limited,
_c2006.
300 _axii, 195p.
_b: ill.
440 _v7
490 _aViva-facts on file science library
650 _a Encyclopedia-Natural calamities
_9862661
650 _a Fog-Smog-Natural calamities
_9862662
650 _a Hurricanes-Natural calamities
_9862663
650 _a Tornadoes-Natural calamities
_9862664
650 _aGeology
_9862665
942 _hH4:(Y:435) P6.7 RR
_cREF
_2CC
_n0
999 _c98777
_d98777